00412nam a22001457a 450000500170000000800410001702200130005804100230007108200120009410000230010624500310012926000470016030000330020765000260024020240722084135.0240722b |||||||| |||| 00| 0 eng d a00382396 aEnglish/Afrikaans  a349 SOU lEnglish/Afrikaans  aSouth African Law Reports  aCape Town: bJuta and Company Ltd, c2003  blxxxix, 688 pages; c26 cm.  aLegal practice bLaw